00452 2200169 4500245005300000020002200053250001100075100001900086700002800105650002000133005001900153260004100172041001400213084001200227300003400239336000900273 aBuku Mahir Web ProgrammingcYuniar SupardihText a978-602-04-8982-7 aCet. 1 aYuniar Supardi aDefri Faizal Maulana S. aWeb Programming a20230331110926 aJakartabElex Media Komputindoc2018 aIndonesia a005.262 axii, 276 hlm. ilus. :c21 cm. atext